| 000 | 00344 a2200109 4500 | ||
|---|---|---|---|
| 001 | ART_12070 | ||
| 005 | 20260410161903.0 | ||
| 008 | 260409a | ||
| 245 | 1 | 0 | _aThe use of monthly and quarterly data in an arma model |
| 100 | 1 | _aDen Butter, F.A.G. | |
| 773 | 0 |
_tJournal of econometrics _g- Vol. 4, NÂș 4 (nov. 1976) _wREV11720 |
|
| 999 |
_c26065 _d26065 |
||